| 000 | 00334nam a2200133Ia 4500 | ||
|---|---|---|---|
| 008 | 231129s1996||||xx |||||||||||||| ||spa|| | ||
| 040 | _bspa | ||
| 082 | _a615.535 L847n | ||
| 100 | _aLondono Manuel J. | ||
| 245 | 0 | _aNaturismo cancer y alimentacion vegetariana | |
| 260 | _c1996 | ||
| 264 | _aLitografos Litoas | ||
| 942 |
_2ddc _cBKS |
||
| 999 |
_c21617 _d21617 |
||